Statistics for Ghost of Tsushima Characters

Click here to take the quiz!

General Stats

  • This quiz has been taken 327 times
  • The average score is 9 of 13

Answer Stats

HintAnswer% Correct
main characterJin Sakai
99%
main characters unclelord shimura
84%
main VillainKhotun Khan
78%
saves the main characterYuna
76%
blacksmithTaka
74%
leader of the straw hatsRyuzo
67%
famous archerIshikawa
61%
that same Lords wifeLady Masako
59%
Iki island DLC main villainThe Eagle
58%
main characters dadKazumasa Sakai
56%
warrior monkNorio
56%
comic reliefKenji
53%
Lord who challenges the villain at the start of the gameLord Adachi
49%

Score Distribution

Percentile by Number Answered

Percent of People with Each Score

Your Score History

You have not taken this quiz